000 00904nam a22003137a 4500
001 4697322
003 OSt
005 20210420074256.0
008 820913r1983 nyua 000 1 eng
010 _a 82018122
020 _a039912778X
040 _aeng
_cDLC
_deng
041 _aeng
050 0 0 _aPR6056.R27
_bB3 1983
080 _a821.111
_bF-85
082 0 0 _a823/.914
_219
100 1 _aFrancis, Dick.
245 1 0 _aBanker /
_cDick Francis.
250 _a1st American ed.
260 _aNew York :
_bPutnam,
_c1983.
300 _a306 p. :
_bill. ;
_c24 cm.
650 0 _aHorse racing
_xFiction.
650 0 _aEnglish literature
_9247
653 _aინგლისური ლიტერატურა
653 _aცხენების დოღი
655 7 _aDetective and mystery stories.
_2gsafd
906 _a7
_bcbc
_corignew
_d1
_eocip
_f19
_gy-gencatlg
942 _2udc
_cBK
_e1
999 _c545
_d545